Forensic Analysis of Windows 10 Metro UI Apps for User Privacy and Data Integrity Violations / (Record no. 608015)
[ view plain ]
| 000 -LEADER | |
|---|---|
| fixed length control field | 00686nam a22001457a 4500 |
| 082 ## - DEWEY DECIMAL CLASSIFICATION NUMBER | |
| Classification number | 005.8,JAM |
| 100 ## - MAIN ENTRY--PERSONAL NAME | |
| Personal name | Jamali, Farhad Hussain (MSIS-12) |
| 245 ## - TITLE STATEMENT | |
| Title | Forensic Analysis of Windows 10 Metro UI Apps for User Privacy and Data Integrity Violations / |
| Statement of responsibility, etc. | Farhad Hussain Jamali |
| 264 ## - PRODUCTION, PUBLICATION, DISTRIBUTION, MANUFACTURE, AND COPYRIGHT NOTICE | |
| Place of production, publication, distribution, manufacture | Rawalpindi |
| Name of producer, publisher, distributor, manufacturer | MCS (NUST) |
| Date of production, publication, distribution, manufacture, or copyright notice | Aug, 2017 |
| 300 ## - PHYSICAL DESCRIPTION | |
| Extent | xiii, 63 p. |
| 505 ## - FORMATTED CONTENTS NOTE | |
| Formatted contents note | Introduction (Pge-10, Literature Review (Page- Forensic Artefacts in Windows 10 (Page-14), forensic Analysis of Metro Ul App in Windows 10(Page-25), Forensic Analysis of Windows 10 Reset Feature (Page-52), Conclusion (Page-57). |
| 650 ## - SUBJECT ADDED ENTRY--TOPICAL TERM | |
| Topical term or geographic name entry element | PG Thesis |
| 690 ## - LOCAL SUBJECT ADDED ENTRY--TOPICAL TERM (OCLC, RLIN) | |
| Topical term or geographic name as entry element | MSIS-12 |
| 942 ## - ADDED ENTRY ELEMENTS (KOHA) | |
| Source of classification or shelving scheme | |
| Koha item type | Thesis |
| Withdrawn status | Permanent Location | Current Location | Shelving location | Date acquired | Full call number | Barcode | Koha item type |
|---|---|---|---|---|---|---|---|
| Military College of Signals (MCS) | Military College of Signals (MCS) | Thesis | 02/22/2024 | 005.8,JAM | MCSTIS-239 | Thesis |
